|
|
|
|
| LEADER |
00000cam a2200000 7i4500 |
| 001 |
0000278205 |
| 005 |
20210705104826.0 |
| 006 |
aa ###### ### |
| 007 |
t |
| 008 |
210705 mdua ### |
| 020 |
|
|
|a 9781947458802
|
| 040 |
|
|
|a MBPJ
|b eng
|c MBPJ
|e rda
|
| 090 |
|
|
|a 641.013
|b MAC
|
| 100 |
1 |
|
|a McCarthy, John ,
|e author
|
| 245 |
1 |
4 |
|a The MODERN GENTLEMAN :
|b A Guide to the Best Drinks, Food, and Accessories
|c JOHN McCARTHY ; Illustrated by Stephen Davis
|
| 264 |
|
1 |
|c Maryland, United States :
|b Duo Press LLC
|c 2019
|
| 264 |
|
4 |
|c ©2019
|
| 300 |
|
|
|a 139 pages ;
|c 18 cm.
|
| 336 |
|
|
|a text
|2 rdacontent
|
| 337 |
|
|
|a unmediated
|2 rdamedia
|
| 338 |
|
|
|a volume
|2 rdacarrier
|
| 650 |
|
0 |
|a Davis, Stephen
|e illustrator
|
| 650 |
|
0 |
|a Gastronomy
|
| 650 |
|
0 |
|a Liquors
|
| 650 |
|
0 |
|a Men
|
| 999 |
|
|
|a 00391407
|b BUKU
|c PINJAMAN
|e PERPUSTAKAAN KOMUNITI PETALING JAYA
|